| 000 | 00638nam a22001937a 4500 | ||
|---|---|---|---|
| 003 | OSt | ||
| 005 | 20240904100641.0 | ||
| 008 | 240904b ||||| |||| 00| 0 eng d | ||
| 040 | _cAIMIT LIBRARY | ||
| 100 |
_aPavithra. _e2216127 _9178658 |
||
| 245 |
_aOptimizing inventory management at Durga Shree Mini Cashew Industries / _cBy Pavithra ; Guided by Vinay Krishna. |
||
| 260 |
_aUdupi ; _c2024. |
||
| 650 |
_aIntroduction to study _9178659 |
||
| 650 |
_aResearch objectives _9178660 |
||
| 650 |
_aData sources _9178661 |
||
| 700 |
_aKrishna, Vinay. _eGuide _9178662 |
||
| 856 | _3Durga Shree Mini Cashew Industries | ||
| 942 |
_2ddc _cPRO |
||
| 999 |
_c231725 _d231725 |
||